• 首页
  • 本馆介绍
  • 公告通知
  • 最新文献
  • 馆藏检索
  • 电子资源
  • 读者导购
  • 参考咨询
  • 我的图书馆
  • 登录
  • 详细信息显示
  • 放入我的书架
  • 预约/预借图书
  • 作者相关作品
  • 分类相关作品
  • 丛书相关作品
  • 出版社相关作品

书目信息

  • 表格格式
  • 工作单格式
  • 卡片格式
题名:
物理课程与教学论
    
 
作者: 封小超 , 王力邦 主编
分册:  
出版信息: 北京   科学出版社  2005
页数: 305页
开本:
丛书名:
单 册:
中图分类: G633.7 , G633.72
科图分类:
主题词: 物理 , 教学研究 , 物理--教学研究--中学
电子资源:
ISBN: 7-03-015951-9
000 00976nam0 2200289 450
000 00954nam0 2200277 450
000 00885nam0 2200253 450
000 00848nam0 2200241 45
005 20070529081209.07
010    @a7-03-015951-9@dCNY34.00
100    @a20070419d2005 em y0chiy0120 ea
101 0  @achi
102    @aCN@b110000
105    @ay z 000yy
200 1  @a物理课程与教学论@AWu Li Ke Cheng Yu Jiao Xue Lun@f封小超,王力邦主编@FFeng Xiao Chao, Wang Li Bang Zhu Bian
210    @a北京@c科学出版社@d2005
215    @a305页@c24cm
330    @a本书共分11章,介绍了中学物理新课程标准,讨论了物理学的教学原则、教学模式、教学过程和教学方法,并对新编中学物理教材做了简要分析。
606 0  @a物理
606 0  @a教学研究
606 0  @a物理@x教学研究@x中学
690    @aG633.7@v4
690    @aG633.72@v3
701  0 @a封小超@AFeng Xiao Chao@4主编
701  0 @a王力邦@AWang Li Bang@c(教授)@4主编
801  0 @aCN@bTAOJIN@c20070529
905    @a10447@dG633.72@e364
    
    物理课程与教学论/封小超,王力邦主编.-北京:科学出版社,2005
    305页:24cm
    
    
    ISBN 7-03-015951-9:CNY34.00
    本书共分11章,介绍了中学物理新课程标准,讨论了物理学的教学原则、教学模式、教学过程和教学方法,并对新编中学物理教材做了简要分析。
●
相关链接 在E读中查询图书 在五车中查询图书 在当当中查询图书 在豆瓣中查询图书


正题名:物理课程与教学论     索取号:G633.72/364         预约/预借

序号 登录号 条形码 馆藏地/架位号 状态 备注
1 0522336   205223364   第一样本阅览室/ [索取号:G633.72/364] 在馆    
2 0522337   205223373   第四借阅区/ [索取号:G633.72/364] 在馆    
3 0522338   205223382   第四借阅区/ [索取号:G633.72/364] 在馆    
4 0522339   205223391   第四借阅区/ [索取号:G633.72/364] 在馆    
唐山师范学院图书馆 欢迎您!
大连网信软件有限公司© 版权所有